| 000 | 00972nac a22002891i 4500 | ||
|---|---|---|---|
| 003 | EG-ScBUE | ||
| 005 | 20240807094740.0 | ||
| 008 | 240807s2000 ua a f b 001 0 eng d | ||
| 020 | _a9774245857 | ||
| 020 | _a9789774245855 | ||
| 040 |
_aEG-ScBUE _beng _erda _cEG-ScBUE _dEG-ScBUE |
||
| 043 | _af-ua--- | ||
| 082 | 0 | 4 |
_a932 _bHAW _222 |
| 100 | 1 |
_aHawass, Zahi A., _eauthor. |
|
| 245 | 1 | 0 |
_aValley of the golden mummies / _cZahi Hawass. |
| 264 | 1 |
_aCairo : _bAmerican University in Cairo Press, _c2000. |
|
| 300 |
_a224 pages : _billustrations (some color) ; _c30 cm |
||
| 336 |
_2rdacontent _atext _btxt |
||
| 337 |
_aunmediated _2rdamedia _bn |
||
| 338 |
_avolume _bnc _2rdacarrier |
||
| 504 | _aIncludes bibliographical references and index. | ||
| 650 | 7 |
_aBahariya Oasis (Egypt) _xAntiquities. _2BUEsh |
|
| 650 | 7 |
_aMummies _zEgypt _zBahariya Oasis. _2BUEsh |
|
| 650 | 7 |
_aTombs _zEgypt _zBahariya Oasis. _2BUEsh |
|
| 655 | _vReading book | ||
| 942 |
_cBB _2ddc |
||
| 999 |
_c9055 _d9055 |
||